01695 a2200397 4500502006500000260001800065653005100083100003500134041000800169260001200177300001700189245021800206650001600424650002000440650000800460650002400468650001300492650002100505650002600526650001600552650001400568650002200582260002300604300001000627130000800637710008900645040001400734651000900748651001400757041000800771041000800779653005100787100008900838651001000927520036000937 aThèse pour l'obtention du Diplôme d'Ingénieur Agronome aAbomey-Calavi1 aEconomie, Socio-Anthropologie et Communication aMIDINGOYI, Gnonna Soul-Kifouly bFr. bFSA/UAC aXVIII-127 p. aEvaluation économique des technologies d'intensification de la production rizicole : cas du système bas-fonds dans les villages de Gome et Gankpetin (communes de Glazoué et de Dassa-Zoumè au centre-Bénin aTECHNOLOGIE aINTENSIFICATION aRIZ aPRODUCTION RIZICOLE aBAS-FOND aSYSTEME BAS-FOND aEVALUATION ECONOMIQUE aRENTABILITE aRENDEMENT aANALYSE DES COUTS c17 décembre 2003 b29 cm lFr. aAbomey-Calavi, Université d'Abomey-Calavi, Faculté des Sciences Agronomiques, Bj aSupport  aGOME aGANKPETIN bFr. bEn. 1aEconomie, Socio-Anthropologie et Communication uAbomey-Calavi, Université d'Abomey-Calavi, Faculté des Sciences Agronomiques, Bj aBENIN aLe riz est une denrée qui prend une importance grandissante dans la structure de consommation des ménages aussi bien urbains que ruraux. La consommation et la production ont évolué dans le temps et montrent un déficit qui est resté croissant et qui oblige à un recours impératif aux importations. Ces importations jouent deux rôles : ...